[Event "BEM 02 MT"]
[Site "Salzgitter-Lebenstedt"]
[Date "2002.09.28"]
[Round "1"]
[White "Breuer, Stefan"]
[Black "Othmer, Michael"]
[Result "1-0"]
[WhiteElo "2256"]
[BlackElo "1946"]
[PlyCount "39"]
[EventDate "2002.09.28"]
[SourceDate "2002.09.28"]

1. e4 c6 2. d4 d5 3. exd5 cxd5 4. c4 Nf6 5. Nc3 e6 6. Nf3 Nc6 7. Bd3 Bb4 8. O-O
O-O 9. Bg5 dxc4 10. Bxc4 Be7 11. Qd2 h6 12. Bf4 Nb4 13. Ne5 Nbd5 14. Bxh6 gxh6
15. Qxh6 Re8 16. Qg5+ Kf8 17. Rad1 Nxc3 18. bxc3 Bd6 19. Bb5 Bd7 20. Qh6+ 1-0

[Event "BEM 02 MT"]
[Site "Salzgitter-Lebenstedt"]
[Date "2002.09.28"]
[Round "1"]
[White "Langenfeld, Stefan"]
[Black "Buchholz, Ralf"]
[Result "1/2-1/2"]
[WhiteElo "1977"]
[BlackElo "1928"]
[PlyCount "57"]
[EventDate "2002.09.28"]
[SourceDate "2002.09.28"]

1. e4 d6 2. d4 g6 3. Nf3 Bg7 4. Bc4 Nf6 5. Nc3 c6 6. a4 a5 7. Be3 Bg4 8. h3
Bxf3 9. Qxf3 Nbd7 10. Qe2 e6 11. O-O d5 12. exd5 exd5 13. Bf4+ Qe7 14. Qd2 O-O
15. Rfe1 Qb4 16. Bf1 Rfe8 17. Re2 Rxe2 18. Bxe2 Re8 19. Ra3 Ne4 20. Nxe4 Rxe4
21. c3 Qe7 22. Bd3 Re1+ 23. Kh2 Re6 24. Rb3 b6 25. Be3 Qd8 26. Ra3 Bf8 27. Ra1
Bd6+ 28. Kg1 Nf6 29. Bg5 1/2-1/2

[Event "BEM 02 MT"]
[Site "Salzgitter-Lebenstedt"]
[Date "2002.09.28"]
[Round "1"]
[White "Neumann, Ingo"]
[Black "Lau, Jürgen"]
[Result "0-1"]
[WhiteElo "1970"]
[BlackElo "1973"]
[PlyCount "128"]
[EventDate "2002.09.28"]
[SourceDate "2002.09.28"]

1. e4 c5 2. f4 d6 3. Nf3 a6 4. d4 cxd4 5. b4 e5 6. a3 Nc6 7. Bd3 Be7 8. O-O Nf6
9. c4 dxc3 10. Nxc3 Qb6+ 11. Kh1 Bg4 12. Qe1 Bxf3 13. Rxf3 Nd4 14. Rf1 O-O 15.
Be3 Rac8 16. Ne2 Rc6 17. Bxd4 exd4 18. Qg3 d5 19. Qf3 dxe4 20. Bxe4 Nxe4 21.
Qxe4 Bf6 22. Rad1 Re6 23. Qc2 Rfe8 24. Nc1 Rc6 25. Rde1 Qd8 26. Rxe8+ Qxe8 27.
Qd2 Rc3 28. Re1 Qc6 29. Ne2 Re3 30. Rc1 Qd7 31. a4 g6 32. Rd1 Ra3 33. a5 Qd5
34. h3 Rxh3+ 35. Kg1 Ra3 36. Nxd4 Ra2 37. Nc2 Qe4 38. Rc1 Kg7 39. Kh1 Rb2 40.
Kh2 Bh4 41. g3 Bf6 42. Qg2 Qxg2+ 43. Kxg2 Bc3 44. Kf3 Bd2 45. Rd1 Rxc2 46. Rb1
f5 47. b5 Bxa5 48. bxa6 bxa6 49. Ra1 Bb6 50. g4 fxg4+ 51. Kxg4 Rc3 52. f5 Bc7
53. fxg6 hxg6 54. Rxa6 Kh6 55. Re6 Rc4+ 56. Kh3 Kg5 57. Re8 Rc3+ 58. Kg2 Kg4
59. Re4+ Bf4 60. Ra4 Rc2+ 61. Kf1 Kf3 62. Ra3+ Be3 63. Ra1 g5 64. Re1 Rh2 0-1

[Event "BEM 02 MT"]
[Site "Salzgitter-Lebenstedt"]
[Date "2002.09.28"]
[Round "1"]
[White "Gabor, Gregor"]
[Black "Müller, Fabian"]
[Result "1/2-1/2"]
[WhiteElo "1914"]
[BlackElo "2109"]
[PlyCount "20"]
[EventDate "2002.09.28"]
[SourceDate "2002.09.28"]

1. c4 e6 2. Nf3 Nf6 3. b3 d5 4. Bb2 Bd6 5. g3 O-O 6. Bg2 c5 7. cxd5 exd5 8. d4
Nc6 9. O-O Be6 10. Nc3 Rc8 1/2-1/2

[Event "BEM 02 MT"]
[Site "Salzgitter-Lebenstedt"]
[Date "2002.09.28"]
[Round "2"]
[White "Othmer, Michael"]
[Black "Müller, Fabian"]
[Result "1/2-1/2"]
[WhiteElo "1946"]
[BlackElo "2109"]
[PlyCount "81"]
[EventDate "2002.09.28"]
[SourceDate "2002.09.28"]

1. d4 Nf6 2. c4 g6 3. Nc3 Bg7 4. e4 O-O 5. Be2 d6 6. Bg5 h6 7. Bf4 c5 8. d5 b5
9. cxb5 a6 10. Qd2 axb5 11. Bxb5 g5 12. Be3 Ng4 13. Nge2 Nd7 14. O-O Nde5 15.
h3 Nxe3 16. Qxe3 Ng6 17. a4 Qa5 18. Ra3 f5 19. exf5 Rxf5 20. Bd3 Re5 21. Qc1
Nh4 22. f4 c4 23. Bh7+ Kxh7 24. fxe5 Qc5+ 25. Kh1 Bxe5 26. Rf7+ Kg6 27. Qf1 Bf5
28. Rxe7 Rf8 29. Rxe5 dxe5 30. Qg1 Qd6 31. a5 Bc8 32. Ng3 Nf5 33. Nxf5 Rxf5 34.
Qb6 Qxb6 35. axb6 Rf6 36. Ra4 Rxb6 37. Rxc4 Bb7 38. b4 Kf6 39. Kg1 Ke7 40. Kf2
Kd6 41. Ke3 1/2-1/2

[Event "BEM 02 MT"]
[Site "Salzgitter-Lebenstedt"]
[Date "2002.09.28"]
[Round "2"]
[White "Lau, Jürgen"]
[Black "Gabor, Gregor"]
[Result "1-0"]
[WhiteElo "1973"]
[BlackElo "1914"]
[PlyCount "101"]
[EventDate "2002.09.28"]
[SourceDate "2002.09.28"]

1. e4 c6 2. d4 d5 3. Nc3 g6 4. e5 Bg7 5. f4 h5 6. Bd3 Nh6 7. Nf3 Bf5 8. Be3 e6
9. Qe2 Bf8 10. Bf2 Bxd3 11. Qxd3 Nf5 12. g3 Bb4 13. a3 Qa5 14. Kd2 Bxc3+ 15.
Qxc3 Qxc3+ 16. Kxc3 Kf8 17. h3 Kg7 18. g4 hxg4 19. hxg4 Nh6 20. Rag1 Nd7 21.
Bh4 Rae8 22. Bf6+ Nxf6 23. exf6+ Kxf6 24. g5+ Kg7 25. gxh6+ Rxh6 26. Rxh6 Kxh6
27. Rh1+ Kg7 28. Ne5 Rc8 29. Kb4 b6 30. Nd3 f6 31. Re1 Kf7 32. Rh1 Kg7 33. Rc1
Rd8 34. c4 dxc4 35. Rxc4 c5+ 36. Nxc5 bxc5+ 37. dxc5 Kf7 38. c6 Ke7 39. Kb5 Kd6
40. b4 Kc7 41. Ka6 e5 42. fxe5 fxe5 43. Kxa7 Rd4 44. Rc5 e4 45. Rg5 e3 46. Re5
Rd3 47. a4 Rd4 48. Re7+ Kd8 49. c7+ Kc8 50. b5 Rxa4+ 51. Kb6 1-0

[Event "BEM 02 MT"]
[Site "Salzgitter-Lebenstedt"]
[Date "2002.09.28"]
[Round "2"]
[White "Buchholz, Ralf"]
[Black "Neumann, Ingo"]
[Result "1/2-1/2"]
[WhiteElo "1928"]
[BlackElo "1970"]
[PlyCount "123"]
[EventDate "2002.09.28"]
[SourceDate "2002.09.28"]

1. d4 e6 2. Nf3 b6 3. e4 d5 4. Bd3 Bb7 5. e5 c5 6. c3 Nc6 7. O-O Be7 8. Be3 g5
9. Nbd2 h5 10. Rc1 c4 11. Bc2 Nh6 12. b3 b5 13. bxc4 bxc4 14. Rb1 Bc8 15. Ba4
Bd7 16. Ne1 Nf5 17. Bc2 Nxe3 18. fxe3 g4 19. Ba4 Qa5 20. Qc2 Nxe5 21. Bxd7+
Nxd7 22. e4 Bg5 23. exd5 Qxd5 24. a4 Be3+ 25. Kh1 f5 26. Rb5 Qc6 27. d5 exd5
28. Rxf5 O-O-O 29. Rbxd5 Nb6 30. Rxd8+ Rxd8 31. Nf1 Re8 32. Nxe3 Rxe3 33. Qf2
Qe4 34. Rf8+ Kb7 35. Nc2 Re2 36. Qf7+ Qe7 37. Qf1 Nd7 38. Rf7 Qe8 39. Rxd7+
Qxd7 40. Qxe2 Qxa4 41. g3 Qb3 42. Qe7+ Kc8 43. Qc5+ Kd8 44. Qd4+ Kc8 45. Ne3
Qb1+ 46. Kg2 Qb2+ 47. Kg1 Qb1+ 48. Nf1 Qa2 49. Nd2 Qa1+ 50. Kf2 a5 51. Qxc4+
Kd7 52. Qb5+ Ke6 53. Qb6+ Kf7 54. Qb3+ Ke7 55. Nc4 Qh1 56. Qa3+ Kf7 57. Ne5+
Ke6 58. Qxa5 Qxh2+ 59. Kf1 Qh1+ 60. Kf2 Qh2+ 61. Kf1 Qh1+ 62. Kf2 1/2-1/2

[Event "BEM 02 MT"]
[Site "Salzgitter-Lebenstedt"]
[Date "2002.09.28"]
[Round "2"]
[White "Breuer, Stefan"]
[Black "Langenfeld, Stefan"]
[Result "1-0"]
[WhiteElo "2256"]
[BlackElo "1977"]
[PlyCount "89"]
[EventDate "2002.09.28"]
[SourceDate "2002.09.28"]

1. e4 c5 2. c3 e6 3. d4 d5 4. e5 Nc6 5. Nf3 Qb6 6. a3 Bd7 7. b4 c4 8. Nbd2 a5
9. Bb2 a4 10. Be2 Qd8 11. h4 b5 12. Nf1 f5 13. Bc1 Be7 14. Bf4 Kf8 15. Qd2 h6
16. h5 Be8 17. g4 fxg4 18. Ng1 Bf7 19. Bxg4 Ke8 20. Ne3 Qd7 21. O-O-O Bf8 22.
Bg3 Nge7 23. Ne2 Ra6 24. Qc2 Rg8 25. f4 g6 26. Rdf1 Nf5 27. Bf2 Nce7 28. Rfg1
Nxe3 29. Bxe3 gxh5 30. Bf3 Rxg1+ 31. Rxg1 Nf5 32. Bf2 h4 33. Qd1 h5 34. Qe1 Be7
35. Rg2 Qd8 36. Ng1 Kd7 37. Nh3 Qe8 38. Ng5 Bg6 39. Bxh4 Qf8 40. Bf2 h4 41. Bd1
Ra8 42. Nxe6 Qf7 43. Ng5 Bxg5 44. Rxg5 Rh8 45. e6+ 1-0

[Event "BEM 02 MT"]
[Site "Salzgitter-Lebenstedt"]
[Date "2002.09.29"]
[Round "3"]
[White "Langenfeld, Stefan"]
[Black "Othmer, Michael"]
[Result "1/2-1/2"]
[WhiteElo "1977"]
[BlackElo "1946"]
[PlyCount "43"]
[EventDate "2002.09.28"]
[SourceDate "2002.09.28"]

1. d4 Nf6 2. Nf3 d5 3. Bf4 e6 4. e3 c5 5. c3 Nc6 6. Nbd2 Bd6 7. Ne5 Qc7 8. Bb5
Bd7 9. Nxd7 Nxd7 10. Bxd6 Qxd6 11. f4 h5 12. Nf3 cxd4 13. Nxd4 a6 14. Be2 Nf6
15. O-O Rc8 16. Qa4 O-O 17. Rad1 g6 18. Nxc6 Qxc6 19. Qd4 Ne4 20. Rf3 Qc5 21.
Bd3 Qxd4 22. exd4 1/2-1/2

[Event "BEM 02 MT"]
[Site "Salzgitter-Lebenstedt"]
[Date "2002.09.29"]
[Round "3"]
[White "Neumann, Ingo"]
[Black "Breuer, Stefan"]
[Result "0-1"]
[WhiteElo "1970"]
[BlackElo "2256"]
[PlyCount "194"]
[EventDate "2002.09.28"]
[SourceDate "2002.09.28"]

1. e4 e6 2. d4 d5 3. e5 c5 4. f4 Qb6 5. Nf3 Bd7 6. c3 Bb5 7. Bxb5+ Qxb5 8. Na3
Qa6 9. dxc5 Bxc5 10. b4 Be7 11. Nd4 Nh6 12. Nab5 Qb6 13. Be3 O-O 14. f5 exf5
15. Nxf5 Bh4+ 16. g3 Qxb5 17. Nxh6+ gxh6 18. Bxh6 Qc4 19. Bxf8 Kxf8 20. gxh4
Nc6 21. Qd2 Qe4+ 22. Kf2 Nxe5 23. Qh6+ Ke7 24. Qg5+ f6 25. Qg7+ Ke6 26. Rhe1
Qxh4+ 27. Qg3 Qxg3+ 28. hxg3 Rc8 29. Rac1 Rc4 30. Red1 d4 31. Kg2 dxc3 32. a3
b6 33. Rc2 b5 34. Rdc1 Nd3 35. Rd1 Rd4 36. Rh1 Rc4 37. Kf1 Rc7 38. Ke2 Nb2 39.
Rh5 a6 40. g4 Na4 41. Kd1 Rc4 42. Rg2 Rf4 43. Re2+ Kd6 44. Rf5 Rxg4 45. Rxf6+
Kd5 46. Kc2 Rg1 47. Rf5+ Kd6 48. Rf6+ Kd5 49. Rxa6 Ra1 50. Kb3 Rb1+ 51. Ka2 Rh1
52. Rf6 h5 53. Rf8 h4 54. Rd8+ Kc6 55. Rh8 Kd5 56. Kb3 Rb1+ 57. Ka2 Rh1 58.
Rd8+ Kc6 59. Rd4 h3 60. Rh4 Kd5 61. Kb3 Rb1+ 62. Kc2 Ra1 63. Kd3 Rd1+ 64. Kc2
Ra1 65. Rxh3 Rxa3 66. Rd3+ Kc6 67. Re6+ Kc7 68. Rg3 Ra2+ 69. Kd3 Rd2+ 70. Ke3
Rd7 71. Rg2 Nb6 72. Rc2 Nd5+ 73. Ke4 Kb7 74. Re5 Kc6 75. Rxc3+ Nxc3+ 76. Ke3
Nd5+ 77. Kd4 Nxb4+ 78. Kc3 Rd3+ 79. Kxb4 Rd4+ 80. Kc3 Rc4+ 81. Kb3 Kb6 82. Rg5
Rh4 83. Rf5 Ka5 84. Rg5 Rh3+ 85. Kb2 Ka4 86. Rg4+ b4 87. Rg8 Rh2+ 88. Kc1 Ka3
89. Ra8+ Kb3 90. Rc8 Rh1+ 91. Kd2 Kb2 92. Rc2+ Kb3 93. Rc8 Rh2+ 94. Kc1 Rh3 95.
Rb8 Rh1+ 96. Kd2 Ka3 97. Ra8+ Kb2 {...} 0-1

[Event "BEM 02 MT"]
[Site "Salzgitter-Lebenstedt"]
[Date "2002.09.29"]
[Round "3"]
[White "Gabor, Gregor"]
[Black "Buchholz, Ralf"]
[Result "0-1"]
[WhiteElo "1914"]
[BlackElo "1928"]
[PlyCount "76"]
[EventDate "2002.09.28"]
[SourceDate "2002.09.28"]

1. Nf3 Nf6 2. g3 g6 3. Bg2 Bg7 4. O-O O-O 5. c4 d6 6. Nc3 c6 7. d3 Qc7 8. Rb1
b6 9. b4 Bb7 10. Qb3 Nbd7 11. Bd2 Rab8 12. Rfc1 Rfc8 13. a4 a6 14. Qa2 Qd8 15.
a5 b5 16. cxb5 cxb5 17. Ng5 Qe8 18. Bxb7 Rxb7 19. Nd5 Rxc1+ 20. Rxc1 Nxd5 21.
Qxd5 Rb8 22. Qc6 h6 23. Nf3 Ra8 24. Qb7 Bf8 25. Rc7 Nf6 26. Nd4 e5 27. Nc6 Nd5
28. Rxf7 Rc8 29. Na7 Qxf7 30. Qxc8 Qxa7 31. Bxh6 Qf7 32. Bxf8 Qxf8 33. Qxa6 Qb8
34. Qc6 Nxb4 35. Qe4 Na6 36. Qxg6+ Kf8 37. Qf6+ Ke8 38. Qe6+ Kd8 {ZUe} 0-1

[Event "BEM 02 MT"]
[Site "Salzgitter-Lebenstedt"]
[Date "2002.09.29"]
[Round "3"]
[White "Müller, Fabian"]
[Black "Lau, Jürgen"]
[Result "1-0"]
[WhiteElo "2109"]
[BlackElo "1973"]
[PlyCount "67"]
[EventDate "2002.09.28"]
[SourceDate "2002.09.28"]

1. e4 c5 2. Nc3 d6 3. f4 a6 4. Nf3 e6 5. g3 b5 6. Bg2 Bb7 7. d3 Nf6 8. O-O Be7
9. h3 Qc7 10. Be3 Nbd7 11. g4 Nb6 12. f5 exf5 13. exf5 O-O-O 14. Qd2 Nfd5 15.
Bf2 g6 16. Nxd5 Bxd5 17. Qf4 gxf5 18. Qxf5+ Be6 19. Qf4 Nd5 20. Qe4 Nb6 21. b4
d5 22. Qe1 cxb4 23. Nd4 Rd6 24. Qxb4 Bxg4 25. Nxb5 axb5 26. Qxg4+ Re6 27. Rae1
Qc6 28. Rxe6 fxe6 29. Qd4 Rg8 30. Qxb6 Qd7 31. Qa7 Qc6 32. Qxe7 d4 33. Bg3 Rxg3
34. Rf8+ 1-0

[Event "BEM 02 MT"]
[Site "Salzgitter-Lebenstedt"]
[Date "2002.09.29"]
[Round "4"]
[White "Othmer, Michael"]
[Black "Lau, Jürgen"]
[Result "0-1"]
[WhiteElo "1946"]
[BlackElo "1973"]
[PlyCount "40"]
[EventDate "2002.09.28"]
[SourceDate "2002.09.28"]

1. e4 c5 2. Nf3 d6 3. d4 cxd4 4. Nxd4 Nf6 5. Nc3 a6 6. Bc4 e6 7. Be3 b5 8. Bb3
Bb7 9. f3 Be7 10. Qe2 Nbd7 11. Bxe6 fxe6 12. Nxe6 Qa5 13. Nxg7+ Kf7 14. Nf5 b4
15. Qc4+ d5 16. Nxd5 Nxd5 17. Nxe7 Ne5 18. Qb3 Kxe7 19. exd5 Bxd5 20. Bg5+ Kf7
0-1

[Event "BEM 02 MT"]
[Site "Salzgitter-Lebenstedt"]
[Date "2002.09.29"]
[Round "4"]
[White "Buchholz, Ralf"]
[Black "Müller, Fabian"]
[Result "0-1"]
[WhiteElo "1928"]
[BlackElo "2109"]
[PlyCount "160"]
[EventDate "2002.09.28"]
[SourceDate "2002.09.28"]

1. d4 Nf6 2. Nf3 g6 3. c4 Bg7 4. Nc3 O-O 5. e4 d6 6. Be2 Nbd7 7. h3 e5 8. dxe5
dxe5 9. Be3 Re8 10. Qc2 c6 11. Nd2 Nf8 12. O-O-O Ne6 13. Nb3 Qc7 14. g3 Bf8 15.
h4 Nd7 16. h5 Ndc5 17. Nxc5 Bxc5 18. Bxc5 Nxc5 19. Qd2 Ne6 20. hxg6 fxg6 21.
Bg4 Nd4 22. Bxc8 Raxc8 23. f4 Rcd8 24. Qf2 Rf8 25. Kb1 Qf7 26. Qh2 exf4 27.
gxf4 Nf3 28. Qh3 Nd2+ 29. Kc2 Nxc4 30. Rxd8 Rxd8 31. b3 Na3+ 32. Kb2 Nb5 33.
Nxb5 cxb5 34. e5 Rd2+ 35. Kc1 Qd7 36. Qxd7 Rxd7 37. Kc2 Rd4 38. Rf1 b4 39. f5
gxf5 40. Rxf5 Rd7 41. e6 Re7 42. Re5 Kf8 43. Rb5 b6 44. Rxb4 Rxe6 45. Kd3 Kf7
46. Rh4 Kg6 47. Rg4+ Kf7 48. Kd4 h5 49. Rg5 Rh6 50. Ke5 h4 51. Rg2 h3 52. Rh2
Kg6 53. Kf4 Kf6 54. Kg4 Ke5 55. Kg3 Kd4 56. Rd2+ Kc3 57. Rh2 Kb4 58. Kf4 Ka3
59. Ke3 Kb4 60. Kd3 Kc5 61. Kc3 Kd5 62. Kd3 Ke5 63. Ke3 Kf5 64. Kf3 Rc6 65. Kg3
Rc3+ 66. Kh4 Kf4 67. Rf2+ Ke4 68. Kg4 Kd4 69. Rd2+ Rd3 70. Rc2 Re3 71. Kf4 Re7
72. Kg3 Rh7 73. Rc4+ Kd3 74. Kh2 Rh5 75. Rc7 a5 76. Rb7 b5 77. Ra7 b4 78. Rc7
Re5 79. Rd7+ Kc3 80. Kxh3 Re2 0-1

[Event "BEM 02 MT"]
[Site "Salzgitter-Lebenstedt"]
[Date "2002.09.29"]
[Round "4"]
[White "Breuer, Stefan"]
[Black "Gabor, Gregor"]
[Result "1-0"]
[WhiteElo "2256"]
[BlackElo "1914"]
[PlyCount "63"]
[EventDate "2002.09.28"]
[SourceDate "2002.09.28"]

1. e4 c6 2. d4 d5 3. f3 e6 4. Nc3 Nf6 5. e5 Nfd7 6. f4 b6 7. Nf3 Ba6 8. Bxa6
Nxa6 9. O-O Be7 10. f5 exf5 11. Qd3 Qc8 12. Qxf5 Nf8 13. Qd3 Nc7 14. Bg5 Qe6
15. a4 h6 16. Be3 Qg6 17. Qd2 Nfe6 18. Ne2 O-O 19. Ng3 f5 20. Ne2 Qg4 21. h3
Qh5 22. Ne1 g5 23. Ng3 Qg6 24. Qd3 Kh7 25. Rxf5 Ng7 26. Rxf8 Rxf8 27. Qxg6+
Kxg6 28. Nd3 Nge6 29. b4 Nf4 30. Bxf4 gxf4 31. Ne2 f3 32. Nef4+ 1-0

[Event "BEM 02 MT"]
[Site "Salzgitter-Lebenstedt"]
[Date "2002.09.29"]
[Round "4"]
[White "Langenfeld, Stefan"]
[Black "Neumann, Ingo"]
[Result "1-0"]
[WhiteElo "1977"]
[BlackElo "1970"]
[PlyCount "101"]
[EventDate "2002.09.28"]
[SourceDate "2002.09.28"]

1. e4 e6 2. d4 d5 3. Nc3 dxe4 4. Nxe4 Nf6 5. Nxf6+ gxf6 6. Nf3 c5 7. Be3 cxd4
8. Qxd4 Qxd4 9. Nxd4 a6 10. Be2 e5 11. Nb3 Bf5 12. O-O-O Nd7 13. Bd3 Be6 14.
Be4 O-O-O 15. Na5 b6 16. Nb7 Re8 17. Nd6+ Bxd6 18. Rxd6 f5 19. Bc6 Kc7 20. Rhd1
Re7 21. Bxd7 Rxd7 22. Bxb6+ Kc8 23. Ba5 Rg8 24. g3 Rxd6 25. Rxd6 Kb7 26. Bc3 e4
27. Bd4 Ra8 28. b3 Kc7 29. Be5 Kb7 30. Kd2 Rc8 31. c4 Rc6 32. Rd4 Rc5 33. Bd6
Rc8 34. Ke3 Rd8 35. Kf4 Kc6 36. Be5 Rg8 37. Rd6+ Kb7 38. Bd4 Ra8 39. Kg5 a5 40.
Kh6 a4 41. Kxh7 axb3 42. axb3 f4 43. gxf4 Ra5 44. Rb6+ Kc7 45. Rb5 Rxb5 46.
cxb5 Bxb3 47. h4 Bd1 48. Kh6 Be2 49. b6+ Kc6 50. h5 Ba6 51. Kg7 1-0

[Event "BEM 02 MT"]
[Site "Salzgitter-Lebenstedt"]
[Date "2002.09.30"]
[Round "5"]
[White "Neumann, Ingo"]
[Black "Othmer, Michael"]
[Result "0-1"]
[WhiteElo "1970"]
[BlackElo "1946"]
[PlyCount "72"]
[EventDate "2002.09.28"]
[SourceDate "2002.09.28"]

1. e4 c5 2. f4 d5 3. exd5 Nf6 4. c4 e6 5. dxe6 Bxe6 6. Nf3 Nc6 7. Be2 Bd6 8. d3
O-O 9. Nc3 Re8 10. O-O a6 11. Ne4 Bf8 12. Nf2 Nd4 13. Nxd4 Qxd4 14. Bd2 Qxb2
15. Rb1 Qd4 16. Rxb7 Bd6 17. Kh1 Rab8 18. Rxb8 Bxb8 19. Bf3 Bf5 20. Qa1 Qd6 21.
Qc3 h6 22. g3 Rd8 23. Be3 Re8 24. Re1 Bc7 25. Bd2 Rxe1+ 26. Bxe1 Qe6 27. Qc1 h5
28. Bc3 Ng4 29. Qd2 Nxf2+ 30. Qxf2 Bxd3 31. Qxc5 Bb6 32. Qd5 Qe3 33. Qa8+ Kh7
34. Qe4+ Bxe4 35. Kg2 Qxf3+ 36. Kh3 Qg4# 0-1

[Event "BEM 02 MT"]
[Site "Salzgitter-Lebenstedt"]
[Date "2002.09.30"]
[Round "5"]
[White "Gabor, Gregor"]
[Black "Langenfeld, Stefan"]
[Result "1/2-1/2"]
[WhiteElo "1914"]
[BlackElo "1977"]
[PlyCount "63"]
[EventDate "2002.09.28"]
[SourceDate "2002.09.28"]

1. Nf3 d5 2. g3 c6 3. b3 e6 4. Bb2 f5 5. Bg2 Nf6 6. O-O Bd6 7. d4 Qe7 8. Nbd2
O-O 9. Ne5 b6 10. c4 Bb7 11. Rc1 Na6 12. Ndf3 Rac8 13. Qc2 c5 14. Qb1 cxd4 15.
Bxd4 Ba3 16. Bb2 Bxb2 17. Qxb2 dxc4 18. Nxc4 Nb4 19. a3 Nc6 20. b4 Nd8 21. Rfd1
Nf7 22. Nce5 Nxe5 23. Qxe5 Ng4 24. Qb5 e5 25. Rxc8 Bxc8 26. h3 e4 27. hxg4 exf3
28. Bxf3 fxg4 29. Qc4+ Be6 30. Bd5 Bxd5 31. Qxd5+ Qf7 32. Qxf7+ 1/2-1/2

[Event "BEM 02 MT"]
[Site "Salzgitter-Lebenstedt"]
[Date "2002.09.30"]
[Round "5"]
[White "Müller, Fabian"]
[Black "Breuer, Stefan"]
[Result "0-1"]
[WhiteElo "2256"]
[BlackElo "2109"]
[PlyCount "50"]
[EventDate "2002.09.28"]
[SourceDate "2002.09.28"]

1. e4 c6 2. Nc3 d5 3. Nf3 dxe4 4. Nxe4 Nf6 5. Nxf6+ gxf6 6. d4 Bf5 7. Bc4 e6 8.
Bf4 Bd6 9. Bg3 Qe7 10. Qd2 Be4 11. Qe2 Bxf3 12. Qxf3 Bxg3 13. hxg3 Qb4+ 14. Qc3
Qxc3+ 15. bxc3 Nd7 16. Ke2 f5 17. Bd3 h5 18. Rh4 Rc8 19. Rah1 Nf6 20. Rb1 b6
21. a4 c5 22. a5 c4 23. Bxc4 Rxc4 24. axb6 axb6 25. Rxb6 O-O 0-1

[Event "BEM 02 MT"]
[Site "Salzgitter-Lebenstedt"]
[Date "2002.09.30"]
[Round "5"]
[White "Lau, Jürgen"]
[Black "Buchholz, Ralf"]
[Result "0-1"]
[WhiteElo "1973"]
[BlackElo "1928"]
[PlyCount "108"]
[EventDate "2002.09.28"]
[SourceDate "2002.09.28"]

1. e4 d6 2. d3 Nc6 3. g3 g6 4. Bg2 Bg7 5. c3 e5 6. Ne2 Bg4 7. h3 Bxe2 8. Qxe2
Nge7 9. O-O O-O 10. f4 Qd7 11. f5 gxf5 12. exf5 f6 13. Be3 Rad8 14. g4 b6 15.
Na3 d5 16. Bd2 Rfe8 17. Rad1 Nc8 18. g5 N6e7 19. Qg4 Kh8 20. Qh5 Ng8 21. h4 Re7
22. Nc2 Qe8 23. g6 h6 24. Ne3 e4 25. dxe4 dxe4 26. c4 c6 27. Bc3 Red7 28. Rxd7
Rxd7 29. Rd1 Rxd1+ 30. Qxd1 Qe7 31. b4 c5 32. a3 Qd6 33. Qd5 Qxd5 34. cxd5 Nd6
35. bxc5 bxc5 36. a4 Ne7 37. Bh3 h5 38. Kf2 Kg8 39. Ba5 Bh6 40. Bc7 Bxe3+ 41.
Kxe3 Nxd5+ 42. Kd2 Nxc7 43. Bf1 Nxf5 44. Be2 Nxh4 45. Bxh5 Kg7 46. Ke3 Nxg6 47.
Kxe4 Ne7 48. Kd3 Ned5 49. Kc4 Nf4 50. Bg4 Nfe6 51. a5 Kf7 52. Bf5 Ke7 53. Be4
Kd6 54. Bb7 Nd4 0-1

[Event "BEM 02 MT"]
[Site "Salzgitter-Lebenstedt"]
[Date "2002.09.30"]
[Round "6"]
[White "Othmer, Michael"]
[Black "Buchholz, Ralf"]
[Result "1-0"]
[WhiteElo "1946"]
[BlackElo "1928"]
[PlyCount "59"]
[EventDate "2002.09.28"]
[SourceDate "2002.09.28"]

1. e4 g6 2. d4 Bg7 3. Nc3 d6 4. f4 e6 5. Nf3 Ne7 6. Be3 Nd7 7. Bd3 c6 8. Qd2 b6
9. O-O Nf6 10. h3 h5 11. Rae1 d5 12. Ne5 Nxe4 13. Nxe4 dxe4 14. Bxe4 Qc7 15. c4
f5 16. Bf3 Bb7 17. Bf2 Bxe5 18. Rxe5 Kf7 19. Rfe1 Bc8 20. Qe3 Re8 21. Bh4 Bd7
22. Rxe6 Ng8 23. Re5 Rxe5 24. fxe5 Re8 25. d5 Kg7 26. Qd4 Kh7 27. e6 c5 28. Qd2
Bc8 29. d6 Qg7 30. d7 1-0

[Event "BEM 02 MT"]
[Site "Salzgitter-Lebenstedt"]
[Date "2002.09.30"]
[Round "6"]
[White "Breuer, Stefan"]
[Black "Lau, Jürgen"]
[Result "1-0"]
[WhiteElo "2256"]
[BlackElo "1973"]
[PlyCount "95"]
[EventDate "2002.09.28"]
[SourceDate "2002.09.28"]

1. e4 c5 2. c3 Nf6 3. e5 Nd5 4. d4 cxd4 5. Qxd4 e6 6. Nf3 Nc6 7. Qe4 d6 8. Nbd2
Qc7 9. exd6 Bxd6 10. Nc4 Be7 11. Nce5 f5 12. Qa4 Nb6 13. Qb5 a6 14. Qe2 Bf6 15.
Nxc6 Qxc6 16. Ne5 Qc7 17. f4 Nd7 18. Qc4 Qd6 19. Nxd7 Bxd7 20. Be3 Rc8 21. Qd3
Qe7 22. Bd4 Bh4+ 23. g3 Bc6 24. Rg1 Be4 25. Qe3 Bf6 26. Bxf6 Qxf6 27. O-O-O O-O
28. Bg2 Rc4 29. Bxe4 fxe4 30. Rd4 Rfc8 31. Rgd1 Qf5 32. Rd8+ Rxd8 33. Rxd8+ Kf7
34. Rd7+ Kf6 35. Rxb7 Qd5 36. Rb6 a5 37. b3 Rc7 38. g4 Kf7 39. h4 a4 40. Kb2
a3+ 41. Kxa3 Qa5+ 42. Kb2 Qa7 43. Qd4 e3 44. Rb4 Qa8 45. Qxe3 Qg2+ 46. Ka3 Qxg4
47. f5 Qg2 48. Qxe6+ 1-0

[Event "BEM 02 MT"]
[Site "Salzgitter-Lebenstedt"]
[Date "2002.09.30"]
[Round "6"]
[White "Langenfeld, Stefan"]
[Black "Müller, Fabian"]
[Result "1/2-1/2"]
[WhiteElo "1977"]
[BlackElo "2109"]
[PlyCount "61"]
[EventDate "2002.09.28"]
[SourceDate "2002.09.28"]

1. e4 c5 2. Nf3 Nc6 3. d4 cxd4 4. Nxd4 Nf6 5. Nc3 e6 6. Ndb5 d6 7. Bf4 e5 8.
Bg5 a6 9. Na3 b5 10. Nd5 Qa5+ 11. Bd2 Qd8 12. Bg5 Be7 13. Bxf6 Bxf6 14. c3 Bg5
15. Nc2 O-O 16. a4 bxa4 17. Rxa4 a5 18. Bc4 Be6 19. O-O Kh8 20. Nce3 g6 21. Qe2
Rb8 22. b3 f5 23. exf5 gxf5 24. f4 exf4 25. Nxf4 Bxc4 26. Nxc4 Qf6 27. Nd5 Qg6
28. Nxa5 Nxa5 29. Rxa5 Rxb3 30. Qa2 Rb7 31. Ra8 1/2-1/2

[Event "BEM 02 MT"]
[Site "Salzgitter-Lebenstedt"]
[Date "2002.09.30"]
[Round "6"]
[White "Neumann, Ingo"]
[Black "Gabor, Gregor"]
[Result "0-1"]
[WhiteElo "1970"]
[BlackElo "1914"]
[PlyCount "114"]
[EventDate "2002.09.28"]
[SourceDate "2002.09.28"]

1. e4 c6 2. d4 d5 3. e5 Bf5 4. g4 Be4 5. f3 Bg6 6. Nh3 e6 7. Nc3 c5 8. Bb5+ Nc6
9. Nf4 cxd4 10. Nxg6 hxg6 11. Qxd4 Qh4+ 12. Qf2 Bc5 13. Qxh4 Rxh4 14. Ne2 Nge7
15. Bf4 a6 16. Bxc6+ Nxc6 17. O-O-O Rh3 18. Rhf1 O-O-O 19. c3 Bb6 20. Bg3 Na5
21. b3 Nc6 22. a3 Bc5 23. b4 Be3+ 24. Kc2 b5 25. f4 f5 26. Rd3 Bb6 27. Bf2 Rxd3
28. Kxd3 Bxf2 29. Rxf2 fxg4 30. Nd4 Kd7 31. Nxc6 Kxc6 32. Rg2 Rh8 33. Rxg4 Rh3+
34. Kd4 Rh6 35. h3 Kb6 36. h4 Kc6 37. Ke3 Kd7 38. Kf3 Ke7 39. Kg3 Kf7 40. Kh3
Rh8 41. Rg3 Rc8 42. Kg4 Rc4 43. Re3 Rc8 44. Kg5 Ra8 45. h5 gxh5 46. f5 Rh8 47.
Re1 h4 48. Kg4 h3 49. Rh1 exf5+ 50. Kxf5 g6+ 51. Kf4 Ke6 52. Kg5 h2 53. Kxg6
Kxe5 54. Kg5 Rg8+ 55. Kh4 Kf4 56. Rf1+ Ke3 57. Kh3 Rg1 0-1

[Event "BEM 02 MT"]
[Site "Salzgitter-Lebenstedt"]
[Date "2002.10.01"]
[Round "7"]
[White "Gabor, Gregor"]
[Black "Othmer, Michael"]
[Result "1-0"]
[WhiteElo "1914"]
[BlackElo "1946"]
[PlyCount "77"]
[EventDate "2002.09.28"]
[SourceDate "2002.09.28"]

1. Nf3 Nf6 2. g3 d5 3. Bg2 c6 4. O-O Bg4 5. h3 Bxf3 6. Bxf3 e6 7. d3 Nbd7 8.
Nd2 Bd6 9. e4 Qb6 10. a4 dxe4 11. Nc4 Qc7 12. Nxd6+ Qxd6 13. dxe4 Qxd1 14. Rxd1
O-O-O 15. Be3 Ne5 16. Be2 Rxd1+ 17. Rxd1 Nxe4 18. Bxa7 Nd7 19. Be3 Nef6 20. b4
Nd5 21. Bd2 N5f6 22. a5 Nd5 23. c4 Nc7 24. Bc3 f6 25. f4 Re8 26. Kf2 g6 27. Re1
Kb8 28. Bg4 Re7 29. h4 f5 30. Bf3 Ne8 31. b5 Nc5 32. Rd1 Rd7 33. Rxd7 Nxd7 34.
bxc6 bxc6 35. Bxc6 Nef6 36. Bf3 Ka7 37. c5 Nd5 38. c6 N7f6 39. Bxf6 1-0

[Event "BEM 02 MT"]
[Site "Salzgitter-Lebenstedt"]
[Date "2002.10.01"]
[Round "7"]
[White "Müller, Fabian"]
[Black "Neumann, Ingo"]
[Result "1-0"]
[WhiteElo "2109"]
[BlackElo "1970"]
[PlyCount "65"]
[EventDate "2002.09.28"]
[SourceDate "2002.09.28"]

1. e4 e6 2. d4 d5 3. Nd2 dxe4 4. Nxe4 Nf6 5. Bg5 Be7 6. Bxf6 gxf6 7. Nf3 f5 8.
Nc3 c6 9. Bc4 b5 10. Bb3 a5 11. a4 b4 12. Ne2 Ba6 13. O-O c5 14. Ne5 Nd7 15.
Nc6 Qc7 16. Nxe7 Kxe7 17. c4 bxc3 18. bxc3 c4 19. Bc2 Nf6 20. d5 Nxd5 21. Nd4
Qf4 22. Nxf5+ Kf6 23. Ng3 Ke7 24. Qh5 Rag8 25. Rfe1 Kd8 26. Rad1 Kc7 27. Rxd5
exd5 28. Qxd5 Rg5 29. Bf5 Rxf5 30. Nxf5 Re8 31. Qxf7+ Kb6 32. Qxe8 Bb7 33. Qe3+
1-0